| 000 | 00820cam a2200265 a 4500 | ||
|---|---|---|---|
| 001 | 000014558 | ||
| 005 | 20240527200609.0 | ||
| 008 | 800326s1979 sp a 000 0 spa | ||
| 020 | _a8473394267 | ||
| 035 | _a(DLC) 79114922 | ||
| 040 |
_aDO-SdBNP _cDLC _dDLC |
||
| 082 |
_a303.4 _bH289e |
||
| 100 | 1 |
_aHarnecker, Marta. _912290 |
|
| 245 | 1 | 0 |
_aExplotados y explotadores / _cMarta Harnecker. |
| 260 |
_aMadrid : _bAkal, _c1979. |
||
| 300 |
_a63 p. : _bil. ; _c18 cm. |
||
| 490 | 1 |
_aCuadernos de educación popular _v1 |
|
| 504 | _aBibliografías: p. 62-63. | ||
| 650 | 4 |
_aTrabajadores _99310 |
|
| 650 | 4 |
_aProducción (teoría económica) _912464 |
|
| 650 | 0 |
_aRelaciones industriales _927578 |
|
| 830 | 0 |
_aCuadernos de educación popular ; _v1. _932954 |
|
| 910 | _aCatalogación por copia / LC | ||
| 049 | _aBNGR | ||
| 999 |
_c14145 _d14145 |
||